000 00343nam a2200145Ia 4500
008 220216s9999 xx 000 0 und d
100 _aSatheesh S K
245 0 _aAtmospheric chemistry and climate
260 _bCurrent Science
_c2012
300 _a426-39
650 _aAerosols
650 _aAtmosphere
650 _aClimate
942 _cJS
999 _c54581
_d54581